| 000 | 01065cam a22003255a 4500 | ||
|---|---|---|---|
| 001 | 016874413 | ||
| 003 | OSt | ||
| 005 | 20151210132542.0 | ||
| 008 | 150825t2015 enka frb 001 0 eng d | ||
| 020 | _a9781292068909 (paperback) | ||
| 020 | _a1292068906 (paperback) | ||
| 040 |
_aStDuBDS _beng _cStDuBDS _dEG-ScBUE |
||
| 082 | 0 | 4 |
_a629.83 _222 _bFRA |
| 100 | 1 |
_aFranklin, Gene F. _919169 |
|
| 245 | 1 | 0 |
_aFeedback control of dynamic systems / _cGene F. Franklin, J. David Powell, Abbas Emami-Naeini ; contributions by Sanjay H.S. |
| 250 | _a7th ed., Global ed. | ||
| 260 |
_aHarlow : _bPearson Education Limited, _cc.2015. |
||
| 300 |
_a880 p. : _bill. ; _c23 cm. |
||
| 500 | _aPrevious edition : 2010. | ||
| 500 | _aIndex : p. 868-880. | ||
| 504 | _aBibliography : p. 860-867. | ||
| 541 | _aBUE book fair. | ||
| 650 | 7 |
_aFeedback control systems. _2BUEsh _919100 |
|
| 651 | _2BUEsh | ||
| 653 |
_bENGGEN _cDecember2015 |
||
| 700 | 1 | 0 |
_aPowell, J. David, _d1938- |
| 700 | 1 | _aEmami-Naeini, Abbas, | |
| 700 | 1 |
_aSanjay, H. S., _econtributor. |
|
| 942 | _2ddc | ||
| 999 |
_c21111 _d21083 |
||